Sports Quiz

Random Sports or WWE Quiz

Shiro Koshinaka ****+ Partners & Opponents Quiz Stats

 Plays Quiz not verified by Sporcle

Support Sporcle.
Go Orange.
Score 0/62 Timer 04:00
0 Plays Today
Event Opponents & Partners % Correct
***** NJPW Spring Flare Up '87 Day 18 - Tag TitlesKeiji Muto
92.9%
****¼ NJPW G1 Climax '95 Day 1 - SinglesKeiji Muto
92.9%
****¼ NJPW Battle Final '95 Day 16 - Heavyweight TitleKeiji Muto
92.9%
****¼ NJPW G1 Climax '96 Day 4 - SinglesKeiji Muto
92.9%
****½ NJPW nWo Typhoon '98 Day 9 - Tag TitlesKeiji Muto
92.9%
**** NJPW Super Grade Tag League VIII Day 17 - Semi FinalKeiji Muto
92.9%
**** NJPW Fall in Black '99 Day 3 - TagKeiji Muto
92.9%
**** NJPW Sengoku Series '88 Day 12 - 10 Man Elimination TagTatsumi Fujinami
89.3%
**** NJPW Hyper Battle '97 Day 12 - Tag TitlesTatsumi Fujinami
89.3%
**** NJPW Battle Line Kyushu '98 Day 2 - TagTatsumi Fujinami
89.3%
**** NJPW Sengoku Series '88 Day 12 - 10 Man Elimination TagKeiichi Yamada
82.1%
**** NJPW Sengoku Series '88 Day 12 - 10 Man Elimination TagRiki Choshu
82.1%
**** NJPW New Kokugikan Densetsu - 2 out of 3 Falls 10 Man TagRiki Choshu
82.1%
**** NJPW G1 Climax '94 Day 5 - SinglesShinya Hashimoto
82.1%
**** NJPW Heisei Ishingun Samurai Attack - 6 Man TagRiki Choshu
82.1%
****½ NJPW Best of the Super Junior V Day 18 - Tag TitlesMasahiro Chono
82.1%
****¼ NJPW G1 Climax '98 Day 2 - Second RoundMasahiro Chono
82.1%
***** NJPW Spring Flare Up '87 Day 18 - Tag TitlesNobuhiko Takada
78.6%
**** NJPW New Year Golden Series '89 Day 20 - TagHiroshi Hase
78.6%
****¼ NJPW Big Fight Series '91 Day 9 - TagHiroshi Hase
78.6%
****¼ NJPW G1 Climax '94 Day 3 - SinglesHiroshi Hase
78.6%
****½ NJPW Best of the Super Junior V Day 18 - Tag TitlesHiroyoshi Tenzan
78.6%
****½ NJPW nWo Typhoon '98 Day 9 - Tag TitlesHiroyoshi Tenzan
78.6%
**** NJPW Battle Line Kyushu '98 Day 2 - TagSatoshi Kojima
75%
**** NJPW Super Grade Tag League VIII Day 17 - Semi FinalSatoshi Kojima
75%
**** NJPW Fall in Black '99 Day 3 - TagSatoshi Kojima
75%
***** NJPW Spring Flare Up '87 Day 18 - Tag TitlesAkira Maeda
71.4%
**** NJPW Battle Final '92 Day 11 - SinglesGenichiro Tenryu
71.4%
**** NJPW Battle Line Kyushu '98 Day 2 - TagGenichiro Tenryu
71.4%
****½ NJPW Best of the Super Junior V Day 18 - Tag TitlesGenichiro Tenryu
71.4%
****½ NJPW nWo Typhoon '98 Day 9 - Tag TitlesGenichiro Tenryu
71.4%
Event Opponents & Partners % Correct
**** NJPW Super Grade Tag League VIII Day 17 - Semi FinalGenichiro Tenryu
71.4%
**** NJPW Fall in Black '99 Day 3 - TagYuji Nagata
71.4%
****¼ NJPW Tokyo Show 10/23/92 - TagGenichiro Tenryu
71.4%
**** NJPW New Kokugikan Densetsu - 2 out of 3 Falls 10 Man TagKensuke Sasaki
67.9%
****¼ NJPW Big Fight Series '91 Day 9 - TagKensuke Sasaki
67.9%
**** NJPW Sengoku Series '88 Day 12 - 10 Man Elimination TagHiro Saito
64.3%
**** NJPW Sengoku Series '88 Day 12 - 10 Man Elimination TagMasa Saito
64.3%
**** NJPW New Year Golden Series '89 Day 20 - TagHiro Saito
64.3%
**** NJPW New Kokugikan Densetsu - 2 out of 3 Falls 10 Man TagHiro Saito
64.3%
****¼ NJPW Big Fight Series '91 Day 9 - TagTakayuki Iizuka
64.3%
**** NJPW Heisei Ishingun Samurai Attack - 6 Man TagMasa Saito
64.3%
**** NJPW Sengoku Series '88 Day 12 - 10 Man Elimination TagSuper Strong Machine
57.1%
**** NJPW New Kokugikan Densetsu - 2 out of 3 Falls 10 Man TagSuper Strong Machine
57.1%
**** NJPW Fighting Spirit '94 Day 6 - SinglesSuper Strong Machine
57.1%
**** NJPW Sengoku Series '88 Day 12 - 10 Man Elimination TagKengo Kimura
53.6%
**** NJPW Sengoku Series '88 Day 12 - 10 Man Elimination TagKuniaki Kobayashi
53.6%
**** NJPW New Year Golden Series '89 Day 20 - TagNaoki Sano
53.6%
**** NJPW New Kokugikan Densetsu - 2 out of 3 Falls 10 Man TagKuniaki Kobayashi
53.6%
**** NJPW New Kokugikan Densetsu - 2 out of 3 Falls 10 Man TagTatsutoshi Goto
53.6%
**** NJPW Heisei Ishingun Samurai Attack - 6 Man TagKuniaki Kobayashi
53.6%
**** NJPW Heisei Ishingun Samurai Attack - 6 Man TagKengo Kimura
53.6%
**** NJPW Hyper Battle '97 Day 12 - Tag TitlesTatsutoshi Goto
53.6%
**** NJPW Hyper Battle '97 Day 12 - Tag TitlesKengo Kimura
53.6%
****¼ NJPW Tokyo Show 10/23/92 - TagKengo Kimura
53.6%
**** NJPW New Kokugikan Densetsu - 2 out of 3 Falls 10 Man TagAnimal Hamaguchi
50%
**** NJPW Sengoku Series '88 Day 12 - 10 Man Elimination TagYoshiaki Fujiwara
42.9%
**** NJPW Explosion Tour '92 Day 14 - Different Style FightMasashi Aoyagi
42.9%
**** NJPW New Kokugikan Densetsu - 2 out of 3 Falls 10 Man TagKantaro Hoshino
39.3%
**** NJPW New Kokugikan Densetsu - 2 out of 3 Falls 10 Man TagMasanobu Kurisu
39.3%
**** NJPW Heisei Ishingun Samurai Attack - 6 Man TagYoshiaki Yatsu
35.7%
****¼ NJPW Tokyo Show 10/23/92 - TagKoki Kitahara
35.7%

You're not logged in!

Compare scores with friends on all Sporcle quizzes.
OR
Log In

From the Vault

Saudi Arabian Borders Minefield

by 31415926535

Choose wisely and watch out for that timer!
Remove Ads.
Support Sporcle.
Get the best of Sporcle when you Go Orange. This ad-free experience offers more features, more stats, and more fun while also helping to support Sporcle. Thank you for becoming a member.

Show Comments

Extras

Top Quizzes Today


Score Distribution

Your Account Isn't Verified!

In order to create a playlist on Sporcle, you need to verify the email address you used during registration. Go to your Sporcle Settings to finish the process.

Report this User

Report this user for behavior that violates our Community Guidelines.

Details: